Представление документа в формате MARC21

Поле Инд. ПП Название Значение
Тип записи a
Библиографический уровень b
001 Контрольный номер RU/IS/BASE/146158008
005 Дата корректировки 20200522190707.3
084 a Индекс другой классификации/Индекс ББК 87.061
a Индекс другой классификации/Индекс ББК 60.001(2)63
a Индекс другой классификации/Индекс ББК 60.51(2)6
a Индекс другой классификации/Индекс ББК 60.52; 87.3(2)63
100 1_ a Автор Зиновьев А. А.
q Полное имя Зиновьев Александр Александрович
245 10 a Заглавие Логическая социология. Законы диалектики
500 a Примечание В рубрике "Авторская страница Александра Зиновьева"
650 04 a Основная рубрика история социологии
a Основная рубрика история философии
a Основная рубрика логика
a Основная рубрика социальная философия
a Основная рубрика социология
a Основная рубрика философия
a Основная рубрика философские науки
653 0_ a Ключевые слова XX век
a Ключевые слова диалектика
a Ключевые слова законы диалектики
a Ключевые слова история социальной философии
a Ключевые слова логическая социология
a Ключевые слова познание
a Ключевые слова Россия
a Ключевые слова социальная комбинаторика
a Ключевые слова социальные объекты
a Ключевые слова социальные явления
773 18 t Заглавие источника Социально-гуманитарные знания
d Дата издания источника 2001
g Прочая информация № 3. - С. 143 - 152
w Контрольный № источника RU/IS/BASE/139676203
901 t Тип документа b